header

Artificial intelligence in education (Record no. 208775)

MARC details
000 -LEADER
fixed length control field 01585nam a22003374a 4500
100 1# - MAIN ENTRY--AUTHOR NAME
Personal name Lajoie, Susanne P.
245 10 - TITLE STATEMENT
Title Artificial intelligence in education
260 ## - PUBLICATION, DISTRIBUTION, ETC. (IMPRINT)
Place of publication Amsterdam ;
-- Washington, DC :
Name of publisher IOS Press,
Year of publication c1999.
300 ## - PHYSICAL DESCRIPTION
Number of Pages xv, 804 p. :
Other physical details ill.
490 1# - SERIES STATEMENT
Series statement Frontiers in artificial intelligence and applications,
650 #0 - SUBJECT ADDED ENTRY--TOPICAL TERM
Topical Term Intelligent tutoring systems
Topical Term Artificial intelligence
Topical Term Open learning
700 1# - ADDED ENTRY--PERSONAL NAME
Personal name Lajoie, Susanne P.
Personal name Vivet, Martial.
856 40 - ELECTRONIC LOCATION AND ACCESS
Uniform Resource Identifier http://site.ebrary.com/lib/rucke/Doc?id=10116507

No items available.

© 2026 Rongo University
Contact us: librarian | system librarian | Rongo university